iOS cloud development for dummies

Zapisane w:
Opis bibliograficzny
1. autor:  Goldstein, Neal
Format: Sách
Język:Undetermined
Wydane:  John wiley & Sons, Inc  2012
Hasła przedmiotowe:
Etykiety: Dodaj etykietę
Nie ma etykietki, Dołącz pierwszą etykiete!
Thư viện lưu trữ: Trung tâm Thư viện - Trường Đại học Công nghiệp TP. Hồ Chí Minh
LEADER 00529nam a2200157Ia 4500
001 UIH_04508
008 231011s9999 xx 000 0 und d
082 |a  006.76 
100 |a  Goldstein, Neal 
245 0 |a  iOS cloud development for dummies 
245 0 |c  Goldstein, Neal 
260 |b  John wiley & Sons, Inc 
260 |c  2012 
650 |a  Phần mềm ứng dụng; Điện toán đám mây;  
927 |a Sách 
980 |a Trung tâm Thư viện - Trường Đại học Công nghiệp TP. Hồ Chí Minh